La Vie Boheme (Rent) Lyrics - Statistics

General Stats
  • This quiz has been taken 920 times
    854 since last reset
  • The average score is 64 of 89
Answer Stats
Hint Answer % Correct
We gather ____ to say our goodbyes here
99%
You bet your ____ to ass
98%
Dearly ______ beloved
98%
We raise our ____ glass
98%
Here __ lies she
98%
La ___ Boheme Vie
98%
La ___ Boheme Vie
98%
La ____ Boheme Vie
98%
waiter, waiter, waiter La ____ Boheme waiter Vie
98%
Is that it here? Wine and ____ beer
93%
The late great _____ of mother earth daughter
93%
Making _____ out of nothing something
93%
when we celebrate the _____ birth
92%
If you ____ your eyes close
92%
Sisters? We're ___. Brothers! close
92%
____ hooky playing
92%
Yes Maureen Hey mister, she's my ___ sister
92%
and one pasta with meatless ____ balls
91%
In that little town of ______ Bethlehem
91%
Going _____, going mad insane
91%
to more than ___ deminsion one
91%
To going against the _____ grain
90%
Ew it ____ the same tastes
90%
to being an __ for once us
90%
That doesn't remind __ of Musetta's Waltz us
90%
and thirteen orders of ____ fries
88%
Why Dorothy and Toto went ___ the rainbow over
88%
No one knew her ____ worth
87%
Carcinogens, hallucinogens, ___, Pee Wee Herman men
86%
to any _____ fad passing
86%
The ____ to express need
85%
On these _____ nights
85%
to the _____ Voice Village
85%
______ dear old mom and dad hating
84%
to Sontag, to Sondheim, to _____ taboo anything
83%
To riding your ____ bike
83%
to _______ communicate
83%
to hand ______ beers made in local breweries crafted
83%
Not to _____ of course mention
83%
to fruits, to no _____ absolutes
81%
instead of a _____ them
81%
Emotion, ____ , to causing a commotion devotion
80%
Creation, Vacation, Mucho _____ masturbation
80%
to huevos rancheros and ___ Angelou Maya
80%
____, trisexuals, homo sapiens bisexuals
79%
to ___ up Auntie Em blow
78%
To days of _____ inspiration
77%
to Absolut, to _____ choice
76%
Václav Havel, The Sex ______, 8BC Pistols
71%
no ______ pension
70%
To sodomy, it's between __ and me To S&M god
68%
Lenny Bruce, Langston Hughes, to the ____ stage
68%
compassion, to _____, to passion when it's new fashion
67%
____ past the three piece suits midday
66%
to _____ for attention starving
66%
hating ______, hating pretension convention
65%
In honor of the ____ of Bohemia death
65%
to yoga, to ____, to rice and beans and cheese yogurt
65%
so that's ___ miso soup five
63%
to ____, to dildos, to curry vindaloo leather
62%
And Mimi Marquez, clad only in _____ wrap bubble
61%
About his____ to hold an erection on the high holy days inability
59%
four seaweed ____ salad
57%
to the sounds of ice tea being _____ stirred
57%
An impromptu salon will commence immediately following _____ dinner
55%
Through her vocoder, while accompanying herself on the ____ cello electric
55%
To _____ tension loving
55%
Which she ain't never _____ studied
55%
to ______ marijuana
54%
Ginsberg, ____, Cunningham, and Cage Dylan
52%
To Uta, to ____, to Pablo Neruda too Buddha
51%
To no shame never playing the ____ game fame
51%
two tofu ____ platter dog
48%
Angel Dumott Schunard will model the latest fall fashions from ____ Paris
48%
Will perform Native American tribal ____, backwards chants
47%
Actually reality, act up, fight _____ AIDS
46%
German wine, turpentine, _______ Stein Gertrude
45%
To apathy, to entropy, to empathy, _____ ecstasy
44%
Will perform her famous ___ chair handcuff dance lawn
44%
And Roger will attempt to write a _____, evocative song bittersweet
43%
And Collins will recount his exploits as an _____ anarchist
41%
at the eleventh street ____ lot
41%
To self-destruct as it _____ the words broadcast
38%
While accompanying herself on the 10 gallon ____ pickle tub plastic
38%
And Mark Cohen will ____ his new documentary preview
32%
Is the _____ in the pyramind equipment
28%
Maureen Johnson, just back from her _____ one-night engagement spectacular
23%
Including the tale of his ______ reprogramming Of the M.I.T. virtual reality equipment successful
21%
Antonioni, Bertolucci, _____, Carmina Burana Kurosawa
17%
No matching quizzes found
Score Distribution
Percent of People with Each Score
Percentile by Number Answered
Your Score History
You have not taken this quiz since the last reset